[Event "Melbourne CC-ch"]
[Site "Melbourne"]
[Date "2005.02.07"]
[Round "?"]
[White "Krstic, Slobodan"]
[Black "Beattie, Roger"]
[Result "1-0"]
[WhiteElo "2055"]
[BlackElo "1972"]
[PlyCount "75"]
[EventDate "2005.01.31"]
[EventType "swiss"]
[EventRounds "7"]
[EventCountry "AUS"]
[SourceTitle "EXT 2010"]
[Source "ChessBase"]
[SourceDate "2010.11.25"]
[SourceVersion "1"]
[SourceVersionDate "2010.11.25"]
[SourceQuality "1"]

1. e4 d6 2. d4 c6 3. Nf3 Nd7 4. Bc4 Ngf6 5. Qe2 e6 6. Bb3 Be7 7. 0-0 0-0 8. a4 a5 9. Rd1 b5 10. e5 Ne8 11. axb5 cxb5 12. Qxb5 Nc7 13. Qc6 dxe5 14. Nc3 Ra6 15. Qc4 Nb6 16. Qe2 exd4 17. Nxd4 Nbd5 18. Ne4 Bb7 19. Bc4 Ra8 20. h4 Ba6 21. Bxa6 Rxa6 22. c4 f5 23. Ng5 Bxg5 24. Bxg5 Nf6 25. Nxf5 Qxd1+ 26. Rxd1 exf5 27. Qe7 Nfe8 28. Bf4 Re6 29. Qd7 Rf7 30. Qc8 Re4 31. g3 g6 32. c5 Kg7 33. f3 Re2 34. Kf1 Rfe7 35. Bg5 Nf6 36. Bxf6+ Kxf6 37. Qf8+ Rf7 38. Qh8+ 1-0

[Event "WchT Seniors 1st"]
[Site "Port Erin"]
[Date "2004.10.11"]
[Round "7.3"]
[White "Krstic, Slobodan"]
[Black "Kraidman, Yair"]
[Result "0-1"]
[WhiteElo "2084"]
[BlackElo "2307"]
[PlyCount "60"]
[EventDate "2004.10.05"]
[EventType "team-swiss"]
[EventRounds "8"]
[EventCountry "IOM"]
[SourceTitle "CBM 102 Extra"]
[Source "ChessBase"]
[SourceDate "2004.11.03"]
[SourceVersion "1"]
[SourceVersionDate "2004.11.03"]
[SourceQuality "1"]
[WhiteTeam "Australia"]
[BlackTeam "Israel"]
[WhiteTeamCountry "AUS"]
[BlackTeamCountry "ISR"]

1. e4 c5 2. Nf3 g6 3. Bc4 Bg7 4. d3 Nc6 5. Nc3 d6 6. Ng5 e6 7. f4 Nge7 8. f5 d5 9. Bb3 h6 10. Nh3 d4 11. f6 Bxf6 12. Qf3 Bg7 13. Ne2 0-0 14. Bd2 b5 15. Qg3 Ne5 16. a3 c4 17. Ba2 N7c6 18. 0-0 Qe7 19. Nf2 Kh7 20. Rae1 Ba6 21. Ng4 Nxg4 22. Qxg4 cxd3 23. cxd3 b4 24. Nf4 bxa3 25. bxa3 Ne5 26. Qg3 Qxa3 27. Bxe6 fxe6 28. Nxe6 Rxf1+ 29. Rxf1 Qxd3 30. Qxd3 Bxd3 0-1

[Event "Victoria Masters"]
[Site "Victoria"]
[Date "2004.04.30"]
[Round "8"]
[White "Tindall, Brett"]
[Black "Krstic, Slobodan"]
[Result "1/2-1/2"]
[WhiteElo "2286"]
[BlackElo "2111"]
[PlyCount "118"]
[EventDate "2004.04.23"]
[EventType "tourn"]
[EventRounds "9"]
[EventCountry "AUS"]
[EventCategory "3"]
[SourceTitle "CBM 100 Extra"]
[Source "ChessBase"]
[SourceDate "2004.07.06"]
[SourceVersion "2"]
[SourceVersionDate "2004.07.06"]
[SourceQuality "1"]

1. d4 g6 2. e4 Bg7 3. Nc3 d6 4. Be3 Nf6 5. f3 Nbd7 6. Qd2 e5 7. Nge2 0-0 8. 0-0-0 c6 9. Bh6 b5 10. Bxg7 Kxg7 11. dxe5 dxe5 12. g4 Qa5 13. Ng3 Nc5 14. g5 Nfd7 15. h4 b4 16. Nb1 Qxa2 17. Qxb4 Rb8 18. Qa3 Qxa3 19. Nxa3 f6 20. Be2 fxg5 21. hxg5 Ne6 22. Rd6 Nxg5 23. Rxc6 Nxf3 24. Bc4 h5 25. Nb5 Rxb5 26. Bxb5 Nd4 27. Rxc8 Rxc8 28. Bxd7 Rxc2+ 29. Kb1 Rc7 30. Be8 Nf3 31. Rh3 Nd2+ 32. Ka2 Re7 33. Bb5 Kh6 34. Rh2 Nf3 35. Rxh5+ gxh5 36. Nf5+ Kg5 37. Nxe7 Nd2 38. Bd7 Nxe4 39. Nc6 Kf4 40. b4 Nf6 41. Bh3 e4 42. Kb2 Nd5 43. Kc2 Kg3 44. Be6 Nf4 45. Bf5 e3 46. Nd4 a6 47. Kc3 Kf2 48. Kc4 h4 49. Kc5 e2 50. Nxe2 Kxe2 51. Bc8 Kf2 52. Kd4 Kg3 53. Kc5 Nd3+ 54. Kc4 Ne5+ 55. Kd4 Kf4 56. Kc5 Ke3 57. Kd5 Nd3 58. Kc4 Kd2 59. Bxa6 Nxb4 1/2-1/2